000 00879nam a2200265Ia 4500
003 OSt
005 20220923211541.0
006 a|||||r|||| 00| 0
007 ta
008 220922b |||||||| |||| 00| 0 hin d
020 _a9789383381111 (hbk)
_c700
024 _a285,470
037 _b306, 27/03/2015, Eastern Book Linkers
_cTextual
040 _aARTS
_cARTS
_bhin
041 _2hin
_ahin
082 _aR1, 152Q4
100 _aअनिल कुमार
245 0 _aतर्कशास्त्र
_b एक परिचय
246 _aTarkashāstra: ek parichaya
260 _aदिल्ली
_b आदि बुक्स
_c2014
300 _a156पृ.
_ccm.
650 _aभारतीय दर्शन
942 _hR1, 152Q4
_cTEXL
_2CC
999 _c300689
_d300689